[Event "GER-chT U20 Girls"]
[Site "Muenster"]
[Date "2022.12.27"]
[Round "1"]
[White "Moenster, Madita"]
[Black "Klahold, Rona"]
[Result "1-0"]
[WhiteElo "1916"]
[BlackElo "1553"]
[PlyCount "73"]
[EventDate "2022.12.26"]
[EventType "team-swiss"]
[EventRounds "7"]
[EventCountry "GER"]
[SourceTitle "CBM 212 Extra"]
[Source "ChessBase"]
[SourceDate "2023.03.31"]
[SourceVersion "1"]
[SourceVersionDate "2023.03.31"]
[SourceQuality "1"]
[WhiteTeam "Nordhorn Blanke"]
[BlackTeam "Porta Westfalica"]
[WhiteTeamCountry "GER"]
[BlackTeamCountry "GER"]

1. e4 e5 2. Nf3 Nc6 3. Bb5 f5 4. Nc3 fxe4 5. Nxe4 d5 6. Ng3 e4 7. Nd4 Qd6 8. 0-0 Nf6 9. d3 Bd7 10. dxe4 Nxd4 11. Bxd7+ Kxd7 12. Qxd4 dxe4 13. Qc4 Qc5 14. Rd1+ Kc6 15. Qe6+ Bd6 16. Be3 Qe5 17. Qb3 Rhe8 18. c4 b6 19. Qa4+ Kb7 20. b4 c5 21. b5 Rad8 22. Rab1 Rf8 23. Qb3 Ng4 24. h3 Nf6 25. Nf1 Ng8 26. Rd5 Qe6 27. Rbd1 Ne7 28. R5d2 Nf5 29. Qa4 Qg6 30. Rd5 h6 31. Kh1 Nh4 32. g3 Nf3 33. Qc2 Qe6 34. Kg2 Rfe8 35. Nd2 Qf6 36. Nxe4 Re6 37. Nxf6 1-0

[Event "GER-ch (Women)"]
[Site "Magdeburg"]
[Date "2022.08.20"]
[Round "9"]
[White "Moenster, Madita"]
[Black "Voicu Jagodzinsky, Carmen"]
[Result "0-1"]
[WhiteElo "1864"]
[BlackElo "2258"]
[PlyCount "72"]
[EventDate "2022.08.14"]
[EventType "swiss"]
[EventRounds "9"]
[EventCountry "GER"]
[SourceTitle "CBM 209 Extra"]
[Source "ChessBase"]
[SourceDate "2022.09.30"]
[SourceVersion "1"]
[SourceVersionDate "2022.09.30"]
[SourceQuality "1"]

1. e4 e6 2. d4 d5 3. Nc3 Nf6 4. e5 Nfd7 5. f4 c5 6. Nf3 Nc6 7. Be3 a6 8. Qd2 b5 9. dxc5 Bxc5 10. Bd3 h6 11. Bf2 Qb6 12. 0-0 0-0 13. a3 b4 14. axb4 Qxb4 15. Na4 Bxf2+ 16. Qxf2 Qxf4 17. g3 Qb4 18. c3 Qe7 19. Qe3 a5 20. Rfe1 Ba6 21. Bc2 f6 22. exf6 Rxf6 23. Rad1 Qf7 24. Nd4 Nce5 25. b4 Ng4 26. Qc1 Nde5 27. Rd2 Nc4 28. Rde2 e5 29. b5 Bb7 30. h3 Nf2 31. Nc6 Nxh3+ 32. Kg2 Bxc6 33. bxc6 Ng5 34. Rf1 Rf8 35. Rxf6 Qxf6 36. Qe1 Qxc6 0-1

[Event "GER-ch (Women)"]
[Site "Magdeburg"]
[Date "2022.08.18"]
[Round "6"]
[White "Moenster, Madita"]
[Black "Peglau, Dora"]
[Result "1-0"]
[WhiteElo "1864"]
[BlackElo "1892"]
[PlyCount "79"]
[EventDate "2022.08.14"]
[EventType "swiss"]
[EventRounds "9"]
[EventCountry "GER"]
[SourceTitle "CBM 209 Extra"]
[Source "ChessBase"]
[SourceDate "2022.09.30"]
[SourceVersion "1"]
[SourceVersionDate "2022.09.30"]
[SourceQuality "1"]

1. e4 e6 2. d4 d5 3. Nc3 Bb4 4. e5 Ne7 5. a3 Ba5 6. b4 Bb6 7. Qg4 h5 8. Qf4 a5 9. Rb1 axb4 10. axb4 Nf5 11. Nf3 Nc6 12. Bb5 Bd7 13. Be3 Nxb4 14. Rxb4 Ba5 15. Bxd7+ Qxd7 16. Rb1 Bxc3+ 17. Bd2 Bxd2+ 18. Qxd2 0-0 19. 0-0 Ra2 20. Qg5 g6 21. h3 Qe7 22. Qf4 Kg7 23. Rxb7 Rxc2 24. Rfb1 Ra8 25. g4 hxg4 26. hxg4 Nh4 27. Qf6+ Qxf6 28. exf6+ Kxf6 29. Nxh4 Raa2 30. Rf1 e5 31. Rb4 e4 32. Ng2 c6 33. Ne3 Rc3 34. Rfb1 Ke6 35. Rb7 f5 36. gxf5+ gxf5 37. Rh7 Kf6 38. Rbb7 Kg5 39. Rbg7+ Kf4 40. Kg2 1-0

[Event "GER-ch (Women)"]
[Site "Magdeburg"]
[Date "2022.08.15"]
[Round "2"]
[White "Moenster, Madita"]
[Black "Heil, Marina"]
[Result "1-0"]
[WhiteElo "1864"]
[BlackElo "1926"]
[PlyCount "107"]
[EventDate "2022.08.14"]
[EventType "swiss"]
[EventRounds "9"]
[EventCountry "GER"]
[SourceTitle "CBM 209 Extra"]
[Source "ChessBase"]
[SourceDate "2022.09.30"]
[SourceVersion "1"]
[SourceVersionDate "2022.09.30"]
[SourceQuality "1"]

1. e4 c5 2. Nf3 Nc6 3. d4 cxd4 4. Nxd4 e5 5. Nb5 d6 6. N1c3 a6 7. Na3 b5 8. Nd5 Nce7 9. c4 Nxd5 10. exd5 bxc4 11. Nxc4 Be7 12. Be3 Nf6 13. Be2 0-0 14. a4 Rb8 15. 0-0 Bb7 16. Nb6 a5 17. b4 axb4 18. Qb3 Ne4 19. a5 Nc5 20. Qd1 Ba8 21. Bc4 Rxb6 22. axb6 Qxb6 23. Rb1 Rb8 24. Qg4 Bb7 25. Rfc1 Bc8 26. Qf3 Bf6 27. Bb3 Ba6 28. Qg3 Qb5 29. Bxc5 dxc5 30. Bc4 Qb6 31. Bxa6 Qxa6 32. Rxc5 g6 33. Rc6 Qa2 34. Qb3 Qxb3 35. Rxb3 Be7 36. Kf1 Rd8 37. Rd3 Bd6 38. Rb6 Bc5 39. Rb5 Bd4 40. Ke2 Rd6 41. Rb3 Bc3 42. Kd3 f5 43. Kc4 Kf8 44. Rb7 h6 45. Kc5 Rd8 46. d6 e4 47. Kd5 Ke8 48. Ke6 f4 49. d7+ Kf8 50. Rc7 Kg7 51. Rc8 e3 52. fxe3 fxe3 53. Rxd8 e2 54. Rb1 1-0

[Event "BL2 West 2122 (Women)"]
[Site "Germany"]
[Date "2021.11.28"]
[Round "2.1"]
[White "Moenster, Madita"]
[Black "Michna, Marta"]
[Result "0-1"]
[WhiteElo "1888"]
[BlackElo "2312"]
[PlyCount "136"]
[EventDate "2021.11.27"]
[EventType "team-tourn"]
[EventRounds "7"]
[EventCountry "GER"]
[SourceTitle "EXT 2023"]
[Source "ChessBase"]
[SourceDate "2022.10.05"]
[SourceVersion "1"]
[SourceVersionDate "2022.10.05"]
[SourceQuality "1"]
[WhiteTeam "Delmenhorst (W)"]
[BlackTeam "Kiel Doppelbauer (W)"]
[WhiteTeamCountry "GER"]
[BlackTeamCountry "GER"]

1. e4 d6 2. d4 Nf6 3. Nc3 e5 4. Nf3 Nbd7 5. Bc4 Be7 6. 0-0 0-0 7. Qe2 c6 8. a4 b6 9. Rd1 Qc7 10. Bg5 h6 11. Bh4 Bb7 12. h3 a6 13. Bb3 b5 14. axb5 axb5 15. Rxa8 Bxa8 16. d5 b4 17. Nb1 Nc5 18. Bxf6 Bxf6 19. Bc4 cxd5 20. Bxd5 Bxd5 21. Rxd5 Ne6 22. Qd1 Ra8 23. Nbd2 Ra2 24. Nf1 Nd4 25. Ne3 Qa7 26. Qd3 Rxb2 27. Nd2 Qa3 28. Qc4 Qc3 29. Qxc3 bxc3 30. Ndc4 Bg5 31. Rxd6 Rb1+ 32. Kh2 Bf4+ 33. g3 Nf3+ 34. Kg2 Ne1+ 35. Kh2 Bxe3 36. Nxe3 Rb2 37. Rc6 Nxc2 38. Nd1 Nb4 39. Rxc3 Rd2 40. Ne3 Nd3 41. Rc8+ Kh7 42. Rd8 Rxf2+ 43. Kg1 Rd2 44. Rd7 Kg6 45. Nc4 Rd1+ 46. Kg2 f6 47. Re7 Nc5 48. Ne3 Rd7 49. Rxd7 Nxd7 50. Kf3 Nc5 51. Nf5 h5 52. h4 Kf7 53. Ne3 Ne6 54. Nd5 Nd4+ 55. Kf2 Ke6 56. Nc7+ Kd7 57. Nd5 Kd6 58. Ne3 g6 59. Nc4+ Kc5 60. Nb2 Nc2 61. Kf3 Kd4 62. Nd1 Ne1+ 63. Ke2 Nd3 64. Kf3 g5 65. hxg5 fxg5 66. g4 h4 67. Ne3 Ne1+ 68. Ke2 Kxe4 0-1

[Event "BL2 West 2122 (Women)"]
[Site "Germany"]
[Date "2021.11.27"]
[Round "1.1"]
[White "Kopylov, Luba"]
[Black "Moenster, Madita"]
[Result "1-0"]
[WhiteElo "2039"]
[BlackElo "1888"]
[PlyCount "69"]
[EventDate "2021.11.27"]
[EventType "team-tourn"]
[EventRounds "7"]
[EventCountry "GER"]
[SourceTitle "EXT 2023"]
[Source "ChessBase"]
[SourceDate "2022.10.05"]
[SourceVersion "1"]
[SourceVersionDate "2022.10.05"]
[SourceQuality "1"]
[WhiteTeam "Luebeck (W)"]
[BlackTeam "Delmenhorst (W)"]
[WhiteTeamCountry "GER"]
[BlackTeamCountry "GER"]

1. d4 Nf6 2. c4 e6 3. Nc3 Bb4 4. Qc2 c5 5. e3 Nc6 6. Nf3 0-0 7. Bd3 d5 8. a3 cxd4 9. exd4 dxc4 10. Bxh7+ Nxh7 11. axb4 Nxb4 12. Qe2 Nd3+ 13. Kf1 Re8 14. Be3 e5 15. Nxe5 Nxe5 16. dxe5 Bf5 17. Qf3 Bd3+ 18. Kg1 Qd7 19. Qg3 b5 20. Bh6 Bg6 21. h4 gxh6 22. h5 Re6 23. Rd1 Qe8 24. Rd6 Kg7 25. hxg6 Rxg6 26. Rxg6+ fxg6 27. Qh4 h5 28. Qd4 Qd8 29. Nd5 a5 30. Rh3 Ra6 31. Rf3 Re6 32. Qa7+ Kh6 33. Rf7 Ng5 34. Rd7 Qf8 35. f4 1-0

[Event "GER-chT Federal Cup (Women)"]
[Site "Braunfels"]
[Date "2021.10.24"]
[Round "5.25"]
[White "Moenster, Madita"]
[Black "Peglau, Dora"]
[Result "1/2-1/2"]
[WhiteElo "1916"]
[BlackElo "1880"]
[PlyCount "82"]
[EventDate "2021.10.19"]
[EventType "team-tourn"]
[EventRounds "5"]
[EventCountry "GER"]
[SourceTitle "CBM 204 Extra"]
[Source "ChessBase"]
[SourceDate "2021.11.30"]
[SourceVersion "1"]
[SourceVersionDate "2021.11.30"]
[SourceQuality "1"]

1. e4 c6 2. Nf3 d5 3. Nc3 dxe4 4. Nxe4 Nd7 5. d4 Ngf6 6. Bd3 Nxe4 7. Bxe4 Nf6 8. Bd3 Bg4 9. c3 e6 10. 0-0 Be7 11. Be2 0-0 12. c4 Qc7 13. Be3 Rfd8 14. Qc2 Bf5 15. Qb3 Ng4 16. h3 Nxe3 17. Qxe3 Bf6 18. Rad1 c5 19. b3 Be7 20. Bd3 Bxd3 21. Rxd3 cxd4 22. Nxd4 Bc5 23. Qe4 Bxd4 24. Rxd4 e5 25. Rdd1 f6 26. Rd5 Rd7 27. Rfd1 Rad8 28. Rxd7 Rxd7 29. Rxd7 Qxd7 30. Qe3 a6 31. Qb6 Kf7 32. a4 Ke7 33. b4 e4 34. c5 Qc6 35. Qa7 e3 36. fxe3 Qe4 37. Qb6 Qxe3+ 38. Kh2 Qe5+ 39. Kh1 Qe1+ 40. Kh2 Qe5+ 41. Kh1 Qe1+ 1/2-1/2

[Event "GER-chT Federal Cup (Women)"]
[Site "Braunfels"]
[Date "2021.10.22"]
[Round "3.9"]
[White "Moenster, Madita"]
[Black "Khrapko, Marharyta"]
[Result "0-1"]
[WhiteElo "1916"]
[BlackElo "2074"]
[PlyCount "98"]
[EventDate "2021.10.19"]
[EventType "team-tourn"]
[EventRounds "5"]
[EventCountry "GER"]
[SourceTitle "CBM 204 Extra"]
[Source "ChessBase"]
[SourceDate "2021.11.30"]
[SourceVersion "1"]
[SourceVersionDate "2021.11.30"]
[SourceQuality "1"]

1. e4 c5 2. Nf3 Nc6 3. d4 cxd4 4. Nxd4 e5 5. Nb5 d6 6. N1c3 a6 7. Na3 Be7 8. Nd5 Nf6 9. Nxf6+ Bxf6 10. Nc4 0-0 11. c3 Be7 12. Be2 b5 13. Ne3 Bg5 14. Nd5 Bxc1 15. Rxc1 Ne7 16. 0-0 Be6 17. a4 Bxd5 18. exd5 bxa4 19. c4 Rb8 20. Qxa4 Rxb2 21. Bd3 f5 22. Qxa6 e4 23. Bb1 Ng6 24. g3 e3 25. fxe3 Qg5 26. Qa3 Re2 27. Rce1 Rxe1 28. Rxe1 Ne5 29. Kg2 Nxc4 30. Qc3 Ne5 31. Rf1 Ng4 32. Rf4 Qe7 33. e4 g5 34. Rf1 f4 35. gxf4 gxf4 36. Rf3 Qh4 37. h3 Ne5 38. Bc2 Nxf3 39. Qxf3 Rf7 40. Bd1 Qe1 41. Qh5 Qxe4+ 42. Kh2 f3 43. Qg5+ Qg6 44. Qxg6+ hxg6 45. Kg1 f2+ 46. Kf1 Kg7 47. Be2 Rf4 48. Kg2 Kf6 49. Kf1 Ke5 0-1

[Event "GER-ch Blitz (Women)"]
[Site "Magdeburg"]
[Date "2021.08.01"]
[Round "15"]
[White "Michna, Marta"]
[Black "Moenster, Madita"]
[Result "1-0"]
[WhiteElo "2341"]
[BlackElo "1875"]
[PlyCount "87"]
[EventDate "2021.08.01"]
[EventType "tourn (blitz)"]
[EventRounds "21"]
[EventCountry "GER"]
[SourceTitle "CBM 203 Extra"]
[Source "ChessBase"]
[SourceDate "2021.09.30"]
[SourceVersion "1"]
[SourceVersionDate "2021.09.30"]
[SourceQuality "1"]

1. Nf3 Nf6 2. d3 d5 3. Nbd2 Bg4 4. g3 e6 5. Bg2 Be7 6. 0-0 0-0 7. c3 c5 8. Qc2 Nc6 9. e4 dxe4 10. dxe4 Qc7 11. h3 Bh5 12. a4 Rfd8 13. Nc4 Bg6 14. Bf4 Qd7 15. Nfe5 Nxe5 16. Nxe5 Qe8 17. Rfe1 Rac8 18. Bf1 a6 19. a5 Nd7 20. Nxg6 hxg6 21. Qb3 e5 22. Be3 Nf6 23. Ra4 Qc6 24. Bg5 Re8 25. Bxf6 Bxf6 26. Bc4 Rc7 27. Raa1 Qd7 28. Kg2 Rd8 29. Bd5 Bg5 30. Re2 Kh7 31. h4 Bf6 32. Re3 Rdc8 33. Qc4 Rb8 34. Rf3 g5 35. hxg5 Bxg5 36. Rh1+ Kg8 37. Rxf7 Qxf7 38. Bxf7+ Rxf7 39. Rh5 Bh6 40. Rxe5 Rbf8 41. Rf5 g6 42. Rxf7 Rxf7 43. Qxc5 Kg7 44. Qd5 1-0

[Event "GER-ch Blitz (Women)"]
[Site "Magdeburg"]
[Date "2021.08.01"]
[Round "6"]
[White "Moenster, Madita"]
[Black "Albayrak, Berrak"]
[Result "0-1"]
[WhiteElo "1875"]
[BlackElo "1484"]
[PlyCount "91"]
[EventDate "2021.08.01"]
[EventType "tourn (blitz)"]
[EventRounds "21"]
[EventCountry "GER"]
[SourceTitle "CBM 203 Extra"]
[Source "ChessBase"]
[SourceDate "2021.09.30"]
[SourceVersion "1"]
[SourceVersionDate "2021.09.30"]
[SourceQuality "1"]

1. e4 d6 2. d4 Nf6 3. Nc3 g6 4. Bc4 Bg7 5. Nf3 0-0 6. 0-0 a6 7. a4 Nxe4 8. Bxf7+ Rxf7 9. Nxe4 Nc6 10. c3 Bg4 11. Qd3 Bxf3 12. gxf3 h6 13. Kh1 Qf8 14. f4 e5 15. Rg1 Ne7 16. Qf3 exf4 17. Rg4 Re8 18. Rxf4 Rxf4 19. Bxf4 g5 20. Qg4 Qxf4 21. Qe6+ Kh7 22. Re1 Qf3+ 23. Kg1 Rf8 24. Qxe7 Qg4+ 25. Kh1 Qf3+ 26. Kg1 Qg4+ 27. Ng3 Qf3 28. Qe4+ Qxe4 29. Rxe4 Kg6 30. Re7 Rf7 31. Re8 Kf6 32. Rb8 b6 33. Rb7 Re7 34. Kg2 Kg6 35. b4 h5 36. Nf1 g4 37. Ne3 Bh6 38. Nd5 Rf7 39. Rxc7 Rf3 40. Rb7 Bd2 41. Rxb6 Be1 42. Rxd6+ Kg5 43. Re6 Rxf2+ 44. Kg1 Rc2 45. Re5+ Kh4 46. Rxe1 0-1

[Event "GER-ch Blitz (Women)"]
[Site "Magdeburg"]
[Date "2021.08.01"]
[Round "4"]
[White "Moenster, Madita"]
[Black "Voicu Jagodzinsky, Carmen"]
[Result "1-0"]
[WhiteElo "1875"]
[BlackElo "2247"]
[PlyCount "67"]
[EventDate "2021.08.01"]
[EventType "tourn (blitz)"]
[EventRounds "21"]
[EventCountry "GER"]
[SourceTitle "CBM 203 Extra"]
[Source "ChessBase"]
[SourceDate "2021.09.30"]
[SourceVersion "1"]
[SourceVersionDate "2021.09.30"]
[SourceQuality "1"]

1. e4 c5 2. Nf3 Nc6 3. d4 cxd4 4. Nxd4 g6 5. Nc3 Bg7 6. Be3 Nf6 7. Bc4 Qa5 8. 0-0 0-0 9. Bb3 d6 10. Re1 Bd7 11. f3 Nxd4 12. Bxd4 b5 13. Nd5 Nxd5 14. Bxd5 Rac8 15. c3 Rfd8 16. Kh1 e6 17. Bb3 Bc6 18. Bxg7 Kxg7 19. Qd4+ Kg8 20. Rad1 Qc7 21. Qe3 a5 22. f4 a4 23. Bc2 Qb7 24. Qg3 b4 25. f5 e5 26. f6 Qd7 27. Qh4 Qe8 28. Re3 bxc3 29. bxc3 Bd7 30. g4 Be6 31. Rdd3 d5 32. Rh3 h5 33. Rdg3 dxe4 34. Qg5 1-0

[Event "GER-ch Blitz (Women)"]
[Site "Magdeburg"]
[Date "2021.08.01"]
[Round "14"]
[White "Moenster, Madita"]
[Black "Zimmer, Elke"]
[Result "1-0"]
[WhiteElo "1875"]
[BlackElo "1910"]
[PlyCount "87"]
[EventDate "2021.08.01"]
[EventType "tourn (blitz)"]
[EventRounds "21"]
[EventCountry "GER"]
[SourceTitle "CBM 203 Extra"]
[Source "ChessBase"]
[SourceDate "2021.09.30"]
[SourceVersion "1"]
[SourceVersionDate "2021.09.30"]
[SourceQuality "1"]

1. e4 c6 2. Nf3 d5 3. Nc3 g6 4. d4 Bg7 5. Be2 e6 6. 0-0 Ne7 7. Bg5 h6 8. Bf4 0-0 9. Qd2 Kh7 10. Rad1 Nd7 11. b4 Nf6 12. e5 Nh5 13. Be3 f5 14. Ne1 f4 15. Bxh5 fxe3 16. Bxg6+ Nxg6 17. Qxe3 Qg5 18. Qd3 Bd7 19. Nf3 Qf5 20. Qd2 Qg4 21. h3 Qg5 22. Nxg5+ hxg5 23. Qxg5 Rf5 24. Qd2 Raf8 25. Ne2 Bh6 26. Qd3 Be8 27. Ng3 Rg5 28. Rde1 Kh8 29. Qe2 Nf4 30. Qd2 Nxh3+ 31. gxh3 Rxg3+ 32. fxg3 Bxd2 33. Rxf8+ Kg7 34. Ref1 Be3+ 35. Kg2 Bg6 36. h4 Be4+ 37. Kh2 Bxc2 38. R1f7+ Kg6 39. Rf6+ Kg7 40. R8f7+ Kg8 41. Rxb7 Bxd4 42. Rxe6 Kf8 43. Rxc6 Bf5 44. Rf6+ 1-0

[Event "GER-ch Blitz (Women)"]
[Site "Magdeburg"]
[Date "2021.08.01"]
[Round "16"]
[White "Wulf, Constanze"]
[Black "Moenster, Madita"]
[Result "0-1"]
[WhiteElo "1817"]
[BlackElo "1875"]
[PlyCount "64"]
[EventDate "2021.08.01"]
[EventType "tourn (blitz)"]
[EventRounds "21"]
[EventCountry "GER"]
[SourceTitle "CBM 203 Extra"]
[Source "ChessBase"]
[SourceDate "2021.09.30"]
[SourceVersion "1"]
[SourceVersionDate "2021.09.30"]
[SourceQuality "1"]

1. e4 c5 2. Nf3 d6 3. d4 cxd4 4. Qxd4 Nc6 5. Bb5 Bd7 6. Bxc6 Bxc6 7. Nc3 e5 8. Qd3 h6 9. 0-0 Nf6 10. Be3 Be7 11. Rfd1 0-0 12. h3 a6 13. Nd2 b5 14. a3 Qc7 15. Nd5 Nxd5 16. exd5 Bd7 17. Rac1 f5 18. f4 e4 19. Qe2 Bf6 20. c3 Qb7 21. Nb3 a5 22. Bd4 b4 23. Bxf6 Rxf6 24. axb4 axb4 25. cxb4 Qxb4 26. Nd4 Ba4 27. Rd2 Rff8 28. Ne6 Rfc8 29. Rxc8+ Rxc8 30. Qf2 Bd7 31. Qg3 Bxe6 32. dxe6 Qxd2 0-1

[Event "GER-ch (Women)"]
[Site "Magdeburg"]
[Date "2021.07.27"]
[Round "3"]
[White "Moenster, Madita"]
[Black "Bashylina, Luisa"]
[Result "0-1"]
[WhiteElo "1889"]
[BlackElo "1992"]
[PlyCount "72"]
[EventDate "2021.07.25"]
[EventType "swiss"]
[EventRounds "9"]
[EventCountry "GER"]
[SourceTitle "CBM 203 Extra"]
[Source "ChessBase"]
[SourceDate "2021.09.30"]
[SourceVersion "1"]
[SourceVersionDate "2021.09.30"]
[SourceQuality "1"]

1. e4 c5 2. Nf3 a6 3. c4 Nc6 4. d4 cxd4 5. Nxd4 e5 6. Nc2 Bc5 7. Nc3 d6 8. Be2 Nf6 9. 0-0 0-0 10. h3 Be6 11. Bd3 Rc8 12. a3 Nd4 13. Nxd4 Bxd4 14. Nd5 Bxd5 15. exd5 h6 16. Rb1 Qb6 17. Qe2 e4 18. Bc2 Qc5 19. Bf4 Rfe8 20. Rfe1 b5 21. b4 Qb6 22. cxb5 Nxd5 23. Bg3 Nc3 24. Qg4 Nxb1 25. Bxb1 e3 26. fxe3 Rxe3 27. Kh2 Rce8 28. Bf2 Be5+ 29. g3 Bxg3+ 30. Bxg3 Rxe1 31. Bxe1 Qe3 32. Qg3 Qc1 33. Bd3 Rxe1 34. Qf3 Qd2+ 35. Kg3 Rg1+ 36. Kh4 Qg5# 0-1

[Event "Dortmund NRW Cup U20 Girls"]
[Site "Dortmund"]
[Date "2021.07.15"]
[Round "4"]
[White "Moenster, Madita"]
[Black "Trunz, Michelle"]
[Result "0-1"]
[WhiteElo "1889"]
[BlackElo "1671"]
[PlyCount "159"]
[EventDate "2021.07.13"]
[EventType "tourn"]
[EventRounds "9"]
[EventCountry "GER"]
[SourceTitle "CBM 203 Extra"]
[Source "ChessBase"]
[SourceDate "2021.09.30"]
[SourceVersion "1"]
[SourceVersionDate "2021.09.30"]
[SourceQuality "1"]

1. e4 c5 2. Nf3 d6 3. d4 cxd4 4. Nxd4 Nf6 5. Nc3 a6 6. f3 e5 7. Nb3 Be6 8. Be3 b5 9. Qd2 Qc7 10. 0-0-0 Nbd7 11. g4 Nb6 12. g5 Nh5 13. Nd5 Bxd5 14. exd5 Rc8 15. f4 Nxd5 16. Bd3 Nxe3 17. Qxe3 Nxf4 18. Bf5 Rb8 19. h4 g6 20. Bg4 Be7 21. Nd2 Qb6 22. Qf3 d5 23. Rde1 Qc7 24. Rhf1 0-0 25. Kb1 f5 26. gxf6 Rxf6 27. Qg3 Rc6 28. Bd1 a5 29. Nf3 Bd6 30. Qg5 Rf8 31. Qg4 a4 32. Ng5 Qc8 33. Qg3 e4 34. Qg1 Be5 35. Bg4 Qc7 36. Qf2 Rcf6 37. Qd2 h6 38. Nh3 Qc6 39. Nxf4 Rxf4 40. Rxf4 Rxf4 41. Rg1 Qc5 42. Be6+ Kh7 43. Qg2 Rf6 44. Bf7 Qc6 45. h5 g5 46. Bg6+ Kg7 47. a3 Qc4 48. Qg4 Rf1+ 49. Rxf1 Qxf1+ 50. Ka2 Qc4+ 51. Kb1 Qc6 52. Qf5 Qc7 53. Qe6 Bf6 54. Qxd5 e3 55. Bd3 Qe5 56. Qxe5 Bxe5 57. Be2 Kf6 58. Bg4 Bd6 59. Kc1 Ke5 60. Kd1 Kf4 61. Be2 b4 62. axb4 Bxb4 63. c3 a3 64. bxa3 Bxc3 65. Kc2 Ba5 66. Kd3 Bb6 67. Bd1 g4 68. Ke2 Kg5 69. Kf1 Kxh5 70. Kg2 Kg5 71. a4 Kf4 72. Be2 h5 73. Bd1 h4 74. Kh2 h3 75. Be2 Ba5 76. Bd1 Kg5 77. Be2 Bc7+ 78. Kg1 g3 79. Bf3 Kh4 80. Be2 0-1

[Event "Dortmund NRW Cup U20 Girls"]
[Site "Dortmund"]
[Date "2021.07.14"]
[Round "3"]
[White "Moenster, Madita"]
[Black "Trunz, Tamila"]
[Result "1-0"]
[WhiteElo "1889"]
[BlackElo "1379"]
[PlyCount "97"]
[EventDate "2021.07.13"]
[EventType "tourn"]
[EventRounds "9"]
[EventCountry "GER"]
[SourceTitle "CBM 203 Extra"]
[Source "ChessBase"]
[SourceDate "2021.09.30"]
[SourceVersion "1"]
[SourceVersionDate "2021.09.30"]
[SourceQuality "1"]

1. e4 e5 2. Nf3 Nc6 3. Bb5 a6 4. Ba4 Nf6 5. 0-0 b5 6. Bb3 Bc5 7. c3 0-0 8. d4 exd4 9. cxd4 Bb6 10. Re1 d6 11. h3 Re8 12. Bc2 Nb4 13. Bg5 h6 14. Bh4 Bb7 15. Nbd2 g5 16. Bg3 Nh5 17. Bh2 Nc6 18. Nb3 a5 19. a4 b4 20. Rc1 Qf6 21. d5 Ne5 22. Nfd4 Nf4 23. Bxf4 Qxf4 24. g3 Qf6 25. Nf5 Bc8 26. Bb1 Bxf5 27. exf5 Nd7 28. Re2 Re5 29. Qd2 Rae8 30. Rce1 R5e7 31. Kg2 Nc5 32. Nxc5 Bxc5 33. Be4 Bd4 34. f3 Bc5 35. h4 Ra8 36. hxg5 hxg5 37. Rh1 b3 38. Rh5 Bb4 39. Rxg5+ Kf8 40. Qf4 Qe5 41. Qg4 Qh8 42. Rh5 Qg8 43. Qh4 Ke8 44. Rh8 Kd7 45. Rxg8 Rxg8 46. Bd3 Rxe2+ 47. Bxe2 Re8 48. Bb5+ Kc8 49. Bxe8 1-0

[Event "Dortmund NRW Cup U20 Girls"]
[Site "Dortmund"]
[Date "2021.07.13"]
[Round "1"]
[White "Moenster, Madita"]
[Black "Cordes, Jule Johanne"]
[Result "1-0"]
[WhiteElo "1889"]
[BlackElo "1605"]
[PlyCount "65"]
[EventDate "2021.07.13"]
[EventType "tourn"]
[EventRounds "9"]
[EventCountry "GER"]
[SourceTitle "CBM 203 Extra"]
[Source "ChessBase"]
[SourceDate "2021.09.30"]
[SourceVersion "1"]
[SourceVersionDate "2021.09.30"]
[SourceQuality "1"]

1. e4 c5 2. Nf3 g6 3. d4 cxd4 4. Nxd4 Bg7 5. Nc3 Nc6 6. Be3 Nf6 7. Bc4 Qa5 8. 0-0 0-0 9. f3 Nxd4 10. Bxd4 d6 11. Bb3 Nd7 12. Nd5 Qd8 13. c3 Nc5 14. Bc2 Bd7 15. f4 Bc6 16. f5 gxf5 17. Rxf5 e5 18. Be3 Bd7 19. Rg5 Ne6 20. Rg3 f6 21. Qh5 Qe8 22. Qh4 Kh8 23. Rf1 Qf7 24. Bh6 Bxh6 25. Qxh6 Nf4 26. Nxf4 exf4 27. Rxf4 Rae8 28. Rgf3 Qg7 29. Qh4 f5 30. exf5 Bc6 31. f6 Qc7 32. f7 Qb6+ 33. Kh1 1-0

[Event "Niedersachsen-ch op-A"]
[Site "Verden an der Aller"]
[Date "2020.01.03"]
[Round "3"]
[White "Moenster, Madita"]
[Black "Schroeder, Boris"]
[Result "1/2-1/2"]
[WhiteElo "1956"]
[BlackElo "2046"]
[PlyCount "135"]
[EventDate "2020.01.02"]
[EventType "swiss"]
[EventRounds "7"]
[EventCountry "GER"]
[SourceTitle "EXT 2023"]
[Source "ChessBase"]
[SourceDate "2022.10.05"]
[SourceVersion "1"]
[SourceVersionDate "2022.10.05"]
[SourceQuality "1"]

1. e4 e6 2. d4 d5 3. Nc3 Nf6 4. e5 Nfd7 5. f4 Bb4 6. a3 Bxc3+ 7. bxc3 c5 8. Qg4 g6 9. Bd3 Nc6 10. Nf3 c4 11. Be2 Qa5 12. Bd2 Nb6 13. Qh4 h6 14. g4 Na4 15. Rf1 Qd8 16. Qg3 Bd7 17. Nh4 Ne7 18. Ng2 Qb6 19. Kf2 0-0-0 20. Ne3 Nc6 21. Bxc4 Nxd4 22. Bd3 Nb5 23. c4 dxc4 24. Bxc4 Nbc3 25. Bd3 Bb5 26. Bxc3 Nxc3 27. Kg2 Bxd3 28. cxd3 Rxd3 29. Rae1 Rhd8 30. Kh1 Qc6+ 31. Qg2 Qxg2+ 32. Kxg2 Rd2+ 33. Rf2 Ne4 34. Rxd2 Rxd2+ 35. Kf3 Nc5 36. Rc1 b6 37. Nc4 Rd3+ 38. Ke2 Rd7 39. Nd6+ Kc7 40. f5 exf5 41. gxf5 Re7 42. Kd1 Rxe5 43. Nxf7 Rxf5 44. Nxh6 Rf4 45. Rc2 Kd6 46. Rg2 Rf6 47. h4 Nd7 48. Rg5 Ne5 49. Ng4 Nxg4 50. Rxg4 Kc5 51. Kc2 Rf2+ 52. Kb3 Rf3+ 53. Kb2 Rh3 54. Rg5+ Kc4 55. Rg4+ Kb5 56. Rxg6 Rxh4 57. Rg3 Ka4 58. Ka2 Rh2+ 59. Ka1 Rd2 60. Kb1 Kb5 61. Rc3 a6 62. Ka1 Ka4 63. Kb1 b5 64. Ka1 a5 65. Kb1 Re2 66. Rg3 b4 67. axb4 axb4 68. Rh3 1/2-1/2

[Event "GER-chT U20 Girls"]
[Site "Braunschweig"]
[Date "2019.12.28"]
[Round "3.5"]
[White "Moenster, Madita"]
[Black "Pavlov, Liliane"]
[Result "0-1"]
[WhiteElo "1956"]
[BlackElo "1623"]
[PlyCount "86"]
[EventDate "2019.12.27"]
[EventType "team-swiss"]
[EventRounds "7"]
[EventCountry "GER"]
[SourceTitle "CBM 194 Extra"]
[Source "ChessBase"]
[SourceDate "2020.03.31"]
[SourceVersion "1"]
[SourceVersionDate "2020.03.31"]
[SourceQuality "1"]
[WhiteTeam "Lingen"]
[BlackTeam "Regensburg Bavaria"]
[WhiteTeamCountry "GER"]
[BlackTeamCountry "GER"]

1. e4 c5 2. Nf3 d6 3. d4 cxd4 4. Nxd4 Nf6 5. Nc3 a6 6. f3 e5 7. Nb3 Be6 8. Be3 Nbd7 9. Qd2 Be7 10. 0-0-0 0-0 11. g4 b5 12. Kb1 Nb6 13. g5 Nh5 14. Nd5 Bxd5 15. exd5 Nc4 16. Bxc4 bxc4 17. Na5 c3 18. Qxc3 Bxg5 19. Nb7 Qe7 20. Nxd6 Bxe3 21. Nf5 Qf6 22. Nxe3 Qxf3 23. Rhf1 Qh3 24. Qd2 f5 25. d6 f4 26. Qd5+ Kh8 27. Nc4 Qxh2 28. Rh1 Qe2 29. Nxe5 g6 30. d7 Nf6 31. Qa5 Qe4 32. d8Q Raxd8 33. Nf7+ Rxf7 34. Qxd8+ Kg7 35. Rhe1 Qf3 36. Re7 Qxd1+ 37. Qxd1 Rxe7 38. c4 Ne4 39. c5 f3 40. Kc2 f2 41. Qd4+ Kh6 42. Qe3+ g5 43. Qf3 Kg7 0-1